Sino-Soviet Military Relations
Enregistré dans:
| Auteur principal: | |
|---|---|
| Format: | Livre |
| Langue: | Undetermined |
| Publié: |
New York
Fredrick A. Praeger Publishers
1966
|
| Sujets: | |
| Tags: |
Ajouter un tag
Pas de tags, Soyez le premier à ajouter un tag!
|
| Thư viện lưu trữ: | Trung tâm Học liệu Trường Đại học Cần Thơ |
|---|
| LEADER | 00520nam a2200181Ia 4500 | ||
|---|---|---|---|
| 001 | CTU_92564 | ||
| 008 | 210402s9999 xx 000 0 und d | ||
| 082 | |a 327.47 | ||
| 082 | |b G244 | ||
| 100 | |a Garthoff, Raymond L. | ||
| 245 | 0 | |a Sino-Soviet Military Relations | |
| 245 | 0 | |c Raymond L. Garthoff | |
| 260 | |a New York | ||
| 260 | |b Fredrick A. Praeger Publishers | ||
| 260 | |c 1966 | ||
| 650 | |a China Military Relations Soviet Union | ||
| 904 | |i Hiếu | ||
| 980 | |a Trung tâm Học liệu Trường Đại học Cần Thơ | ||